Catálogo
 En Linea

Ian Berry / (Registro nro. 41679)

Detalles MARC
000 -CABECERA
campo de control de longitud fija 00687nam a2200217 a 4500
001 - NÚMERO DE CONTROL
campo de control 000042190
005 - FECHA Y HORA DE LA ÚLTIMA TRANSACCIÓN
campo de control 20201002040009.0
008 - DATOS DE LONGITUD FIJA--INFORMACIÓN GENERAL
campo de control de longitud fija 130905s2006 sp 000 0 spa d
020 ## - NÚMERO INTERNACIONAL ESTÁNDAR DEL LIBRO
Número Internacional Estándar del Libro 9788447105786
040 ## - FUENTE DE LA CATALOGACIÓN
Centro catalogador/agencia de origen DO-SdBNP
Lengua de catalogación spa
Centro/agencia transcriptor BNPHU
100 1# - ENTRADA PRINCIPAL--NOMBRE DE PERSONA
Nombre de persona Berry, Ian
9 (RLIN) 69200
245 10 - MENCIÓN DE TÍTULO
Título Ian Berry /
Mención de responsabilidad, etc. Ian Berry ;textos Alessandra Mauro ; traducción Carmen de Celis.
260 ## - PUBLICACIÓN, DISTRIBUCIÓN, ETC.
Lugar de publicación, distribución, etc. Madrid :
Nombre del editor, distribuidor, etc. Salvat,
Fecha de publicación, distribución, etc. 2006.
300 ## - DESCRIPCIÓN FÍSICA
Extensión 48 p. + 1 Lám ;
Dimensiones 26 cm.
490 1# - MENCIÓN DE SERIE
Mención de serie Grandes Fotógrafos
504 ## - NOTA DE BIBLIOGRAFÍA, ETC.
Nota de bibliografía, etc. Incluye índice de fotografías
700 1# - PUNTO DE ACCESO ADICIONAL--NOMBRE DE PERSONA
Nombre de persona Mauro, Alessandra
9 (RLIN) 67116
700 1# - PUNTO DE ACCESO ADICIONAL--NOMBRE DE PERSONA
Nombre de persona Celis, Carmen de
Término indicativo de función/relación tr.
9 (RLIN) 69195
710 2# - PUNTO DE ACCESO ADICIONAL--NOMBRE DE ENTIDAD CORPORATIVA
Nombre de entidad corporativa o nombre de jurisdicción como elemento de entrada Magnum Photos
9 (RLIN) 67117
830 #0 - PUNTO DE ACCESO ADICIONAL DE SERIE-TÍTULO UNIFORME
Título uniforme Grandes Fotógrafos
9 (RLIN) 67118
Existencias
Estado de retiro Estado de pérdida Restricciones de uso No para préstamo Código de colección Localización permanente Ubicación/localización actual Ubicación en estantería Fecha de adquisición Número de inventario Total de préstamos Signatura topográfica completa Código de barras Fecha visto por última vez Precio válido a partir de Tipo de ítem Koha
      Excluido de préstamo Monografías: Libros y Folletos General General En catalogación 19.11.2013 LF1   42190-10 25.06.2020 25.06.2020 No se presta

Con tecnología Koha